000 01295cam a2200337 i 4500
999 _c58346
_d58346
001 17763132
005 20211117150718.0
008 130604s20142014maua 001 0 eng
010 _a 2013942026
_z 2013019031
020 _a9780132859295 (alk. paper)
041 _aeng
080 _a691.2 A-25
100 1 _aLimbrunner, George F.
_912945
245 1 0 _aReinforced concrete design /
_cAbi O. Aghayere, P. Eng., Drexel University, George F. Limbrunner, PE, Hudson Valley Community College (emeritus).
250 _aEighth edition.
264 1 _aBoston :
_bPearson,
_c[2014]
264 4 _c©2014
300 _ax, 302 pages :
_billustrations (some color) ;
_c29 cm
336 _atext
_2rdacontent
337 _aunmediated
_2rdamedia
338 _avolume
_2rdacarrier
500 _aRevision of: Reinforced concrete design / George F. Limbrunner, Abi O. Aghayere. 7th ed. 2010.
500 _aIncludes index.
650 0 _aReinforced concrete.
_912946
653 _aReinforced Concrete Design
653 _aსამშენებლო მასალები და ნაკეთობანი
653 _aСтроительные материалы и изделия
700 1 _aAghayere, Abi O.
_912947
700 1 _aLimbrunner, George F.
_912945
942 _2udc
_cBK